TOP 100 największych miast w Polsce (bez mapy) - Statystyki

Ogólne statystyki
  • Ten quiz został rozwiązany 496 razy
  • Średni wynik to 55 z 100
Statystyki odpowiedzi
Lokata Liczba ludności Miasto % Poprawnych
1 1,800 000 Warszawa
98%
6 470,000 Gdańsk
96%
2 780,000 Kraków
96%
4 640,000 Wrocław
95%
12 250,000 Gdynia
93%
5 530,000 Poznań
93%
11 290,000 Katowice
92%
3 670,000 Łódź
92%
7 400,000 Szczecin
91%
10 300,000 Białystok
90%
8 350,000 Bydgoszcz
89%
9 340,000 Lublin
88%
16 200,000 Toruń
86%
15 200,000 Rzeszów
85%
24 140,000 Zielona Góra
84%
27 130,000 Opole
81%
14 210,000 Radom
81%
18 195,000 Kielce
80%
20 170,000 Olsztyn
80%
29 120,000 Gorzów Wielkopolski
79%
13 215,000 Częstochowa
78%
19 175,000 Gliwice
73%
21 170,000 Zabrze
73%
30 120,000 Elbląg
70%
17 195,000 Sosnowiec
70%
35 105,000 Tarnów
69%
22 170,000 Bielsko-Biała
67%
37 105,000 Koszalin
66%
95 45,900 Kołobrzeg
65%
54 69,500 Suwałki
64%
36 105,000 Chorzów
63%
23 160,000 Bytom
62%
28 125,000 Tychy
62%
52 70,000 Lubin
61%
38 100,000 Kalisz
60%
44 85,000 Nowy Sącz
60%
31 120,000 Płock
60%
45 80,000 Jelenia Góra
59%
39 100,000 Legnica
58%
67 61,700 Ełk
57%
64 62,300 Zamość
57%
25 135,000 Rybnik
56%
42 90,000 Słupsk
56%
33 110,000 Wałbrzych
56%
32 120,000 Dąbrowa Górnicza
54%
53 70,000 Inowrocław
54%
73 59,100 Przemyśl
54%
34 110,000 Włocławek
54%
49 70,000 Konin
53%
50 70,000 Piotrków Trybunalski
53%
56 67,100 Gniezno
52%
62 62,700 Pruszków
51%
69 60,700 Chełm
50%
40 95,000 Grudziądz
50%
48 70,000 Piła
50%
46 80,000 Siedlce
50%
65 62,200 Łomża
49%
75 56,700 Biała Podlaska
48%
96 45,700 Krosno
48%
26 135,000 Ruda Śląska
48%
63 62,400 Leszno
45%
76 56,000 Bełchatów
44%
83 51,300 Ostrołęka
43%
94 46,000 Tarnobrzeg
43%
70 59,700 Mielec
42%
43 90,000 Jastrzębie-Zdrój
41%
90 47,300 Skierniewice
41%
55 67,400 Stargard
41%
59 65,700 Głogów
39%
82 54,300 Legionowo
39%
72 59,300 Kędzierzyn-Koźle
38%
85 48,800 Piaseczno
38%
41 90,000 Jaworzno
37%
51 70,000 Ostrów Wielkopolski
37%
71 59,600 Tczew
37%
68 60,800 Tomaszów Mazowiecki
37%
60 63,400 Pabianice
35%
57 66,800 Ostrowiec Świętokrzyski
34%
93 46,600 Puławy
34%
74 59,000 Stalowa Wola
34%
79 55,200 Zgierz
34%
61 62,800 Żory
34%
99 44,200 Otwock
33%
87 48,700 Wejherowo
33%
47 75,000 Mysłowice
32%
58 65,800 Siemianowice Śląskie
32%
80 54,000 Piekary Śląskie
31%
97 45,000 Radomsko
31%
78 55,500 Będzin
30%
81 54,000 Racibórz
29%
66 61,700 Tarnowskie Góry
29%
98 44,900 Dębica
28%
100 43,800 Ciechanów
27%
91 47,200 Starachowice
27%
86 48,700 Świętochłowice
26%
89 47,400 Wodzisław Śląski
26%
84 49,600 Rumia
25%
92 47,000 Starogard Gdański
25%
77 55,800 Świdnica
25%
88 48,400 Zawiercie
24%
Nie znaleziono quizów pasujących do podanych kryteriów
Rozkład punktacji
Procent ludzi z każdym wynikiem
Percentyl według liczby udzielonych odpowiedzi
Twoja historia wyników
Nie rozwiązałeś tego quizu